<?xml version="1.0" encoding="UTF-8"?>
<record
    xmlns:xsi="http://www.w3.org/2001/XMLSchema-instance"
    xsi:schemaLocation="http://www.loc.gov/MARC21/slim http://www.loc.gov/standards/marcxml/schema/MARC21slim.xsd"
    xmlns="http://www.loc.gov/MARC21/slim">

  <leader>00756nam a22002417a 4500</leader>
  <controlfield tag="003">SEM</controlfield>
  <controlfield tag="005">20240621122840.0</controlfield>
  <controlfield tag="008">240620m2002    us ||||gr||||||01|||rus|d</controlfield>
  <datafield tag="020" ind1=" " ind2=" ">
    <subfield code="a">5-901482-0187-8  (&#x420;&#x43E;&#x441;.) (&#x422;. 4)</subfield>
  </datafield>
  <datafield tag="040" ind1=" " ind2=" ">
    <subfield code="a">SEM</subfield>
    <subfield code="c">SEM</subfield>
  </datafield>
  <datafield tag="041" ind1=" " ind2=" ">
    <subfield code="a">rus</subfield>
  </datafield>
  <datafield tag="082" ind1=" " ind2=" ">
    <subfield code="a">228/&#x41B;-55</subfield>
  </datafield>
  <datafield tag="100" ind1=" " ind2=" ">
    <subfield code="a">&#x41B;&#x438;, &#x423;&#x438;&#x442;&#x43D;&#x435;&#x441;&#x441;</subfield>
    <subfield code="d">(1905-1997)</subfield>
  </datafield>
  <datafield tag="245" ind1=" " ind2=" ">
    <subfield code="a">&#x416;&#x438;&#x437;&#x43D;&#x435;&#x438;&#x437;&#x443;&#x447;&#x435;&#x43D;&#x438;&#x435; :</subfield>
    <subfield code="b">&#x41E;&#x442;&#x43A;&#x440;&#x43E;&#x432;&#x435;&#x43D;&#x438;&#x44F; /</subfield>
    <subfield code="c">&#x423;. &#x41B;&#x438;</subfield>
  </datafield>
  <datafield tag="246" ind1=" " ind2=" ">
    <subfield code="a">Life-Study of Revelation /</subfield>
  </datafield>
  <datafield tag="260" ind1=" " ind2=" ">
    <subfield code="a">&#x410;&#x43D;&#x430;&#x445;&#x430;&#x439;&#x43C; :</subfield>
    <subfield code="b">&#xAB;&#x416;&#x438;&#x432;&#x43E;&#x439; &#x43F;&#x43E;&#x442;&#x43E;&#x43A;&#xBB;,</subfield>
    <subfield code="c">2001.</subfield>
  </datafield>
  <datafield tag="300" ind1=" " ind2=" ">
    <subfield code="a">&#x422;. ;</subfield>
    <subfield code="c">20 &#x441;&#x43C;</subfield>
  </datafield>
  <datafield tag="505" ind1=" " ind2=" ">
    <subfield code="a">&#x422;. 4 -</subfield>
    <subfield code="g">2001.-XII+636-846 &#x441;.
</subfield>
  </datafield>
  <datafield tag="650" ind1=" " ind2=" ">
    <subfield code="a">&#x41D;&#x43E;&#x432;&#x438;&#x439; &#x417;&#x430;&#x432;&#x435;&#x442; </subfield>
    <subfield code="x">&#x41E;&#x442;&#x43A;&#x440;&#x43E;&#x432;&#x435;&#x43D;&#x438;&#x435; </subfield>
  </datafield>
  <datafield tag="650" ind1=" " ind2=" ">
    <subfield code="a">&#x41A;&#x43D;&#x438;&#x433;&#x430; &#x437;&#x430;&#x43A;&#x43B;&#x44E;&#x447;&#x435;&#x43D;&#x438;&#x44F; </subfield>
  </datafield>
  <datafield tag="653" ind1=" " ind2=" ">
    <subfield code="a">&#x54D;&#x537;&#x544;</subfield>
  </datafield>
  <datafield tag="942" ind1=" " ind2=" ">
    <subfield code="2">ddc</subfield>
    <subfield code="c">BK</subfield>
    <subfield code="n">0</subfield>
  </datafield>
  <datafield tag="999" ind1=" " ind2=" ">
    <subfield code="c">74947</subfield>
    <subfield code="d">74947</subfield>
  </datafield>
  <datafield tag="952" ind1=" " ind2=" ">
    <subfield code="0">0</subfield>
    <subfield code="1">0</subfield>
    <subfield code="2">ddc</subfield>
    <subfield code="4">0</subfield>
    <subfield code="7">0</subfield>
    <subfield code="8">&#x533;&#x580;&#x561;&#x57A;&#x561;&#x570;&#x578;&#x581;</subfield>
    <subfield code="a">SEM</subfield>
    <subfield code="b">SEM</subfield>
    <subfield code="d">2024-06-20</subfield>
    <subfield code="g">900.00</subfield>
    <subfield code="h">&#x422;. 4</subfield>
    <subfield code="i">&#x420;&#x443;&#x441;-7324</subfield>
    <subfield code="l">0</subfield>
    <subfield code="o">228/&#x41B;-55</subfield>
    <subfield code="p">&#x420;&#x443;&#x441;-7324</subfield>
    <subfield code="r">2024-06-20</subfield>
    <subfield code="w">2024-06-20</subfield>
    <subfield code="y">BK</subfield>
    <subfield code="z">&#x54D;&#x57A;&#x561;&#x57D;&#x561;&#x580;&#x56F;&#x57E;&#x578;&#x582;&#x574; &#x567; &#x568;&#x576;&#x569;&#x565;&#x580;&#x581;&#x561;&#x57D;&#x580;&#x561;&#x570;</subfield>
  </datafield>
</record>
